000 00621nam a2200205 a 4500
001 vtls003064724
003 MY-SjTCS
005 20200306171056.0
008 110218s2000 fr 000 1 fre d
020 _a2266133675 (pbk.)
020 _a9782266133678 (pbk.)
039 9 _a201204041638
_bwilmina
_c201102181614
_dVLOAD
_y200710190950
_zpushpa
082 0 4 _a843
_bOBR 2000
100 1 _aO'Brian, Patrick.
_9296746
245 1 3 _aLe Rendez-Vous Malais /
_cPatrick O'Brian.
260 _aParis :
_bPresses de la Cité,
_cc2000.
300 _a478 p. ;
_c18 cm.
650 0 _aFrench fiction.
_928740
920 _aSHT : 660666
999 _c66991